|
|
|
|
| LEADER |
00000cam a2200000 a 4500 |
| 001 |
vtls008365962 |
| 003 |
SK-MaSNL |
| 005 |
20260302074558.0 |
| 008 |
230403s1949 xo g 000 f slo |
| 015 |
|
|
|a SNBA19451955-001175
|
| 035 |
|
|
|a SK01SNKBKSFS20010058179
|
| 035 |
|
|
|a urn:nbn:sk:snk-am3i3bn
|
| 035 |
|
|
|a D991153D-9991-4EE1-9F9D-3EE176C0BD73
|
| 035 |
|
|
|a urn:nbn:sk:snk-am00diew
|
| 035 |
|
|
|a SKM000060642
|
| 040 |
|
|
|a SNK
|b slo
|c SNK
|e AACR2
|
| 041 |
1 |
|
|a slo
|h eng
|
| 044 |
|
|
|a xo
|c SK
|
| 080 |
|
|
|a 820(73)-3
|2 1981
|
| 100 |
1 |
|
|a Buck, Pearl S.,
|d 1892-1973
|4 aut
|9 264485
|
| 240 |
1 |
4 |
|a The son's
|l Slovensky
|
| 245 |
1 |
0 |
|a Synovia
|b román
|c Pearl S[ydenstricker] Buck ; z anglického originálu preložili V. Taraba a P. Janová
|
| 250 |
|
|
|a 1. vyd.
|
| 260 |
|
|
|a Košice
|b Svojeť
|c 1949
|e Košice
|f Wiko
|
| 300 |
|
|
|a 436, [1] s.
|c 21 cm
|
| 500 |
|
|
|a Ob. a frontispice V. Široký
|
| 655 |
|
7 |
|a americké romány
|2 SNKPH
|9 1174
|
| 700 |
1 |
|
|a Taraba, V.
|4 trl
|9 740404
|
| 700 |
1 |
|
|a Janová, P.
|4 trl
|9 740405
|
| 700 |
1 |
|
|a Široký, Viliam,
|d 1902-1971
|4 bjd
|9 113477
|
| 700 |
1 |
|
|a Zelinová, Hana,
|d 1914-2004
|4 red
|9 101300
|
| 852 |
|
|
|a Slovenská národná knižnica
|
| 954 |
|
|
|a beletria cudzojazyčná (svetová)
|2 lita
|
| 958 |
|
|
|a EUIPO
|
| 958 |
|
|
|a OND
|
| 958 |
|
|
|a RK
|
| 958 |
|
|
|a TL
|
| 958 |
|
|
|a UP
|
| 958 |
|
|
|a LX
|
| 999 |
|
|
|c 1165582
|d 1167512
|
| 952 |
|
|
|a SNK
|b SNK
|y PREZ
|7 0
|p 17A0748054
|o snkSC 4124
|i snk1348/49
|0 0
|1 0
|4 0
|d 2011-12-05
|f 1
|l 0
|r 2025-06-25 00:00:00
|w 2026-02-24
|
| 952 |
|
|
|a SNK
|b SNK
|y VYP
|7 0
|p 17A0364562
|o snkSC 4124 D1
|i snkVI. 2069/55
|0 0
|1 0
|4 0
|d 2002-11-15
|l 0
|r 2005-01-02 00:00:00
|w 2026-02-24
|